Gráficos hidráulicos para el diseño de alcantarillas
Uloženo v:
| Hlavní autor: | |
|---|---|
| Další autoři: | , |
| Médium: | Kniha |
| Jazyk: | Spanish |
| Vydáno: |
Washington, D.C. : U.S. Deparment of Transportation,
1974
|
| Edice: | Circular de Ingeniería Hidráulica
|
| Témata: | |
| Tagy: |
Přidat tag
Žádné tagy, Buďte první, kdo vytvoří štítek k tomuto záznamu!
|
MARC
| LEADER | 00000nam a2200000Ia 4500 | ||
|---|---|---|---|
| 003 | 003319 | ||
| 005 | 20221231143957.0 | ||
| 008 | 140114s1974 wauaa 000 ||spa d | ||
| 040 | |c cru CEDI | ||
| 082 | |6 28.24 H564g | ||
| 100 | |a Herr, Lester A. |9 21679 | ||
| 245 | |a Gráficos hidráulicos para el diseño de alcantarillas | ||
| 260 | |a Washington, D.C. : U.S. Deparment of Transportation, |c 1974 | ||
| 300 | |a 51 páginas :ilustraciones | ||
| 440 | |a Circular de Ingeniería Hidráulica |n 5 |9 21682 | ||
| 500 | |a Título original: Hydraulic charts for the selection of highway culverts | ||
| 650 | |x ALCANTARILLADO - DISEÑO Y CONSTRUCCION |9 569 | ||
| 700 | |9 21680 |a Bossy, Herbert G | ||
| 700 | |9 21681 |a Ruhle, Federico G.O. |d Traductor/a | ||
| 942 | |2 ddc |c BK | ||
| 999 | |c 15089 |d 15089 | ||
